[Event "Santiago Club Nunoa 1st"]
[Site "Santiago de Chile"]
[Date "2017.05.12"]
[Round "5.4"]
[White "San Martin Basualto, Epiro"]
[Black "Calcagno Soto, Jose"]
[Result "1-0"]
[WhiteElo "2035"]
[BlackElo "1877"]
[PlyCount "75"]
[EventDate "2017.04.28"]
[EventType "tourn"]
[EventRounds "7"]
[EventCountry "CHI"]
[SourceTitle "EXT 2024"]
[Source "ChessBase"]
[SourceDate "2023.10.10"]
[SourceVersion "1"]
[SourceVersionDate "2023.10.10"]
[SourceQuality "1"]

1. d4 d5 2. c4 dxc4 3. Nf3 Nf6 4. e3 e6 5. Bxc4 c5 6. 0-0 a6 7. Bb3 Be7 8. Qe2 b5 9. a4 c4 10. Bc2 Bb7 11. axb5 axb5 12. Rxa8 Bxa8 13. b3 0-0 14. bxc4 b4 15. Nbd2 Nc6 16. Bb2 Qc7 17. e4 Rb8 18. d5 Na5 19. Be5 Bd6 20. Bxd6 Qxd6 21. e5 Qc7 22. exf6 exd5 23. Qd3 g6 24. cxd5 Rd8 25. Re1 h6 26. Re7 Qf4 27. Rxf7 Qf5 28. Rg7+ Kh8 29. Rxg6 Qxd3 30. Rxh6+ Kg8 31. Bxd3 Bxd5 32. h4 b3 33. h5 Bxf3 34. Bh7+ Kf8 35. Nxf3 b2 36. Ng5 Rd1+ 37. Kh2 Nc4 38. Bg6 1-0

[Event "CHI-chT"]
[Site "Santiago de Chile"]
[Date "2012.12.11"]
[Round "6"]
[White "San Martin Basualto, Epiro"]
[Black "Torres Bravo, Cristobal Renato"]
[Result "0-1"]
[WhiteElo "2115"]
[BlackElo "2311"]
[PlyCount "102"]
[EventDate "2012.11.22"]
[EventType "team-tourn"]
[EventRounds "9"]
[EventCountry "CHI"]
[SourceTitle "EXT 2014"]
[Source "ChessBase"]
[SourceDate "2013.11.20"]
[SourceVersion "1"]
[SourceVersionDate "2013.11.20"]
[SourceQuality "1"]

1. d4 c5 2. d5 Nf6 3. Nc3 e6 4. e4 exd5 5. e5 Ng8 6. Nxd5 Nc6 7. Nf3 d6 8. Bg5 Qd7 9. Bb5 h6 10. Bf4 Nge7 11. exd6 Nxd5 12. Qxd5 Qe6+ 13. Qxe6+ Bxe6 14. 0-0-0 0-0-0 15. Bxc6 bxc6 16. h4 Bd5 17. Rhe1 Rg8 18. d7+ Rxd7 19. Re8+ Kb7 20. Rb8+ Ka6 21. c4 Be6 22. Rxd7 Bxd7 23. Ne5 Be6 24. b3 g5 25. hxg5 hxg5 26. Be3 f6 27. Nxc6 Bd6 28. Rb5 Rc8 29. Na5 Rc7 30. Bd2 Bf4 31. Bxf4 gxf4 32. Nb7 Rxb7 33. Rxc5 Kb6 34. Rb5+ Kc6 35. Rh5 Rg7 36. Rh6 Kd6 37. Rh2 Bd7 38. Kd2 Ke5 39. f3 Bf5 40. Kc3 Rd7 41. Kb4 Kd4 42. Rh5 Bb1 43. Ka3 Rg7 44. Rh2 Rg5 45. Rh1 Bd3 46. Rh2 Bb1 47. Rh1 Bg6 48. Rh2 Ke3 49. b4 Rh5 50. Rxh5 Bxh5 51. c5 Be8 0-1

[Event "CHI-chT"]
[Site "Santiago de Chile"]
[Date "2012.12.04"]
[Round "4"]
[White "San Martin Basualto, Epiro"]
[Black "Toro Benaderet, Cristian"]
[Result "1-0"]
[WhiteElo "2115"]
[BlackElo "1868"]
[PlyCount "127"]
[EventDate "2012.11.22"]
[EventType "team-tourn"]
[EventRounds "9"]
[EventCountry "CHI"]
[SourceTitle "EXT 2014"]
[Source "ChessBase"]
[SourceDate "2013.11.20"]
[SourceVersion "1"]
[SourceVersionDate "2013.11.20"]
[SourceQuality "1"]

1. d4 Nf6 2. Bg5 Ne4 3. Bf4 d6 4. f3 Nf6 5. e4 c6 6. Ne2 g6 7. Qd2 h5 8. Nbc3 Bg7 9. 0-0-0 Be6 10. Kb1 a5 11. Be3 a4 12. a3 d5 13. Nf4 Qd7 14. e5 Ng8 15. Nxe6 Qxe6 16. g3 Qd7 17. h4 b5 18. Na2 Nh6 19. Bh3 e6 20. g4 hxg4 21. fxg4 Na6 22. c3 Qc7 23. Nb4 Ng8 24. Bg2 Bh6 25. h5 Bxe3 26. Qxe3 gxh5 27. Rxh5 Rxh5 28. gxh5 Nxb4 29. cxb4 0-0-0 30. Qf4 f5 31. Bf1 Qg7 32. Rc1 Kb7 33. Be2 Nh6 34. Qe3 Rg8 35. Qc3 Qd7 36. Qc5 Nf7 37. Ka2 Ng5 38. Rg1 Qf7 39. Bxb5 cxb5 40. Qxb5+ Ka8 41. Qxa4+ Kb8 42. Qb5+ Kc8 43. Qa6+ Kb8 44. h6 f4 45. Qb6+ Ka8 46. Rxg5 f3 47. Rxg8+ Qxg8 48. Qa6+ Kb8 49. Qf1 Qf8 50. h7 Kc7 51. h8Q Qxh8 52. Qxf3 Kb6 53. Qc3 Qg8 54. Qc5+ Kb7 55. b5 Qg1 56. Qc6+ Kb8 57. Qd6+ Kb7 58. Qb4 Qf1 59. a4 Qd3 60. a5 Qd1 61. b6 Qd3 62. Qc3 Qd1 63. Ka3 Ka6 64. Kb4 1-0

[Event "CHI-chT"]
[Site "Santiago de Chile"]
[Date "2012.11.30"]
[Round "3"]
[White "Montero Martinez, Cristian"]
[Black "San Martin Basualto, Epiro"]
[Result "1-0"]
[WhiteElo "2182"]
[BlackElo "2115"]
[PlyCount "75"]
[EventDate "2012.11.22"]
[EventType "team-tourn"]
[EventRounds "9"]
[EventCountry "CHI"]
[SourceTitle "EXT 2014"]
[Source "ChessBase"]
[SourceDate "2013.11.20"]
[SourceVersion "1"]
[SourceVersionDate "2013.11.20"]
[SourceQuality "1"]

1. d4 e6 2. Nf3 Nf6 3. Bg5 h6 4. Bxf6 Qxf6 5. e4 d6 6. Nc3 g5 7. e5 Qe7 8. Bd3 Bg7 9. Qe2 Nc6 10. Bb5 Bd7 11. exd6 cxd6 12. 0-0-0 0-0 13. d5 Ne5 14. Bxd7 Nxd7 15. dxe6 fxe6 16. Nd4 Ne5 17. h4 Rac8 18. Kb1 Rxc3 19. bxc3 d5 20. hxg5 hxg5 21. Rh3 a6 22. Ka1 Rf4 23. Rb1 Re4 24. Re3 Rxe3 25. Qxe3 Nc4 26. Qe1 Na3 27. Rb2 Nc4 28. Rb3 Kf7 29. Qd1 b5 30. Qh5+ Kg8 31. Qg6 Nd2 32. Nxe6 Nxb3+ 33. cxb3 a5 34. Kb2 b4 35. Qxg7+ Qxg7 36. Nxg7 Kxg7 37. a4 bxa3+ 38. Kxa3 1-0

[Event "CHI-ch"]
[Site "Santiago de Chile"]
[Date "2011.02.19"]
[Round "2"]
[White "San Martin Basualto, Epiro"]
[Black "Lopez Silva, Hugo Andres"]
[Result "0-1"]
[WhiteElo "2106"]
[BlackElo "2398"]
[PlyCount "82"]
[EventDate "2011.02.18"]
[EventType "tourn"]
[EventRounds "11"]
[EventCountry "CHI"]
[EventCategory "1"]
[SourceTitle "CBM 141 Extra"]
[Source "ChessBase"]
[SourceDate "2011.05.03"]
[SourceVersion "1"]
[SourceVersionDate "2011.05.03"]
[SourceQuality "1"]

1. e4 e5 2. Nf3 Nc6 3. Bb5 a6 4. Ba4 Nf6 5. 0-0 b5 6. Bb3 Be7 7. Re1 d6 8. c3 0-0 9. h3 Bb7 10. d4 Re8 11. Nbd2 h6 12. a4 exd4 13. cxd4 Nb4 14. axb5 axb5 15. Rxa8 Qxa8 16. e5 dxe5 17. dxe5 Nfd5 18. Ne4 c5 19. e6 c4 20. exf7+ Kxf7 21. Ne5+ Kg8 22. Qh5 Rf8 23. Bxh6 Qa6 24. Ng6 gxh6 25. Qxh6 Qc6 26. Qh8+ Kf7 27. Ne5+ Ke6 28. Ng5+ Kd6 29. Qh6+ Rf6 30. Qh8 Qc8 31. Ne4+ Kc7 32. Qh7 Rf8 33. Bd1 Qf5 34. Ng6 Rf7 35. Qg8 Nf4 36. Nxf4 Qxf4 37. g3 Qf5 38. Bg4 Qd5 39. h4 Nd3 40. Re2 Nxf2 41. Rxf2 Qxe4 0-1

[Event "Santiago Endesa Classification"]
[Site "Santiago de Chile"]
[Date "2010.10.15"]
[Round "4"]
[White "San Martin Basualto, Epiro"]
[Black "Romero Araya, Diego Alonso"]
[Result "1-0"]
[WhiteElo "2092"]
[BlackElo "2248"]
[PlyCount "53"]
[EventDate "2010.10.06"]
[EventType "swiss"]
[EventRounds "9"]
[EventCountry "CHI"]
[SourceTitle "EXT 2012"]
[Source "ChessBase"]
[SourceDate "2011.11.24"]
[SourceVersion "1"]
[SourceVersionDate "2011.11.24"]
[SourceQuality "1"]

1. e4 c6 2. d4 d5 3. e5 c5 4. dxc5 e6 5. a3 Bxc5 6. b4 Bb6 7. Nf3 Ne7 8. Bd3 Nd7 9. Bb2 Ng6 10. 0-0 a5 11. c4 axb4 12. cxd5 exd5 13. axb4 Rxa1 14. Bxa1 0-0 15. Bxg6 hxg6 16. Qxd5 Nb8 17. Qe4 Qe7 18. Nc3 Bf5 19. Qf4 Rd8 20. Na4 Bc7 21. Nc5 b6 22. Ng5 bxc5 23. Qh4 Qe8 24. e6 f6 25. Bxf6 gxf6 26. Qh7+ Kf8 27. e7+ 1-0

[Event "Santiago Endesa 07"]
[Site "Santiago de Chile"]
[Date "2009.06.05"]
[Round "10"]
[White "Garcia Cardenas, Pablo"]
[Black "San Martin Basualto, Epiro"]
[Result "1-0"]
[WhiteElo "2314"]
[BlackElo "2096"]
[PlyCount "84"]
[EventDate "2009.05.13"]
[EventType "tourn"]
[EventRounds "11"]
[EventCountry "CHI"]
[SourceTitle "EXT 2012"]
[Source "ChessBase"]
[SourceDate "2011.11.24"]
[SourceVersion "1"]
[SourceVersionDate "2011.11.24"]
[SourceQuality "1"]

1. e4 e6 2. d4 d5 3. Nd2 c5 4. Ngf3 Nf6 5. exd5 exd5 6. Bb5+ Bd7 7. Qe2+ Be7 8. dxc5 0-0 9. Nb3 Re8 10. 0-0 Bxc5 11. Qd3 Be7 12. Bg5 a6 13. Bxd7 Nbxd7 14. Rad1 Rc8 15. Rfe1 h6 16. Bh4 Qb6 17. Re2 Rc4 18. Nfd4 Bd8 19. Rxe8+ Nxe8 20. Bxd8 Qxd8 21. Nf5 Nb6 22. Ne3 Rh4 23. Nxd5 Nxd5 24. Qxd5 Qxd5 25. Rxd5 Nf6 26. Rd8+ Kh7 27. Rd4 Rh5 28. c4 Re5 29. Kf1 h5 30. f3 Re7 31. Nc5 Rc7 32. b4 a5 33. a3 axb4 34. axb4 g5 35. Rd6 Ne8 36. Rb6 Rc6 37. Rxc6 bxc6 38. b5 Nd6 39. b6 Kg6 40. b7 Nxb7 41. Nxb7 Kf5 42. Nd8 c5 1-0

[Event "Santiago Endesa Classification"]
[Site "Santiago de Chile"]
[Date "2008.10.06"]
[Round "8"]
[White "Villanueva Massardo, David Iona"]
[Black "San Martin Basualto, Epiro"]
[Result "0-1"]
[WhiteElo "1683"]
[BlackElo "2108"]
[PlyCount "47"]
[EventDate "2008.09.24"]
[EventType "swiss"]
[EventRounds "9"]
[EventCountry "CHI"]
[SourceTitle "EXT 2012"]
[Source "ChessBase"]
[SourceDate "2011.11.24"]
[SourceVersion "1"]
[SourceVersionDate "2011.11.24"]
[SourceQuality "1"]

1. e4 e6 2. Nc3 d5 3. g3 dxe4 4. Bg2 Bd7 5. Bxe4 Bc6 6. d3 Nf6 7. Bxc6+ Nxc6 8. Bg5 Be7 9. Nf3 h6 10. Be3 Bb4 11. 0-0 Qd7 12. a3 Be7 13. Nd2 Nd5 14. Nde4 0-0-0 15. Qe2 Nxe3 16. fxe3 f5 17. Nd2 h5 18. Rab1 h4 19. g4 h3 20. b4 Ne5 21. d4 Nxg4 22. Nb5 a6 23. Nc3 Qc6 24. Qd3 0-1

[Event "Santiago Endesa 15"]
[Site "Santiago de Chile"]
[Date "2008.08.20"]
[Round "2"]
[White "Centonzio Rossel, Francesco"]
[Black "San Martin Basualto, Epiro"]
[Result "1/2-1/2"]
[WhiteElo "2019"]
[BlackElo "2151"]
[PlyCount "44"]
[EventDate "2008.08.18"]
[EventType "tourn"]
[EventRounds "11"]
[EventCountry "CHI"]
[SourceTitle "EXT 2012"]
[Source "ChessBase"]
[SourceDate "2011.11.24"]
[SourceVersion "1"]
[SourceVersionDate "2011.11.24"]
[SourceQuality "1"]

1. e4 c5 2. Nf3 e6 3. Bc4 a6 4. a4 Qc7 5. 0-0 Nc6 6. d3 Nf6 7. Nc3 Be7 8. h3 0-0 9. Qe2 d6 10. Be3 Bd7 11. d4 cxd4 12. Nxd4 Rac8 13. Nxc6 Bxc6 14. Bd3 Rfe8 15. a5 Nd7 16. f4 g6 17. Qf2 Bf8 18. f5 Ne5 19. f6 d5 20. Bb6 Qd7 21. Rad1 Red8 22. exd5 exd5 1/2-1/2

[Event "Las Condes zt 2.5"]
[Site "Las Condes"]
[Date "2005.11.12"]
[Round "9"]
[White "Richter, Hans S"]
[Black "San Martin Basualto, Epiro"]
[Result "0-1"]
[WhiteElo "2144"]
[BlackElo "2193"]
[PlyCount "72"]
[EventDate "2005.11.07"]
[EventType "swiss"]
[EventRounds "9"]
[EventCountry "CHI"]
[SourceTitle "EXT 2006"]
[Source "ChessBase"]
[SourceDate "2005.11.24"]
[SourceVersion "1"]
[SourceVersionDate "2005.11.24"]
[SourceQuality "1"]

1. d4 Nf6 2. Nf3 d6 3. c4 Nbd7 4. g3 e5 5. Bg2 Be7 6. 0-0 0-0 7. Qc2 c6 8. Nc3 Re8 9. h3 Bf8 10. e4 a6 11. Rd1 Qc7 12. Be3 b5 13. a3 Bb7 14. cxb5 cxb5 15. d5 Rac8 16. Bf1 Be7 17. Bd3 Qb8 18. Qe2 Bd8 19. Nh4 g6 20. Qf3 Nh5 21. Nf5 f6 22. Bh6 Bb6 23. Ne2 Kf7 24. g4 Nf4 25. Ng7 Rg8 26. Bxf4 Kxg7 27. Bd2 Rc7 28. Qg3 Nc5 29. Be3 Rh8 30. h4 h5 31. Qf3 Bc8 32. g5 fxg5 33. hxg5 Rf8 34. Qh1 Bg4 35. Ng3 Bxd1 36. Rxd1 Nxd3 0-1

[Event "Las Condes zt 2.5"]
[Site "Las Condes"]
[Date "2005.11.10"]
[Round "6"]
[White "Bartucevic Sanchez, Diego"]
[Black "San Martin Basualto, Epiro"]
[Result "1-0"]
[WhiteElo "2053"]
[BlackElo "2193"]
[PlyCount "83"]
[EventDate "2005.11.07"]
[EventType "swiss"]
[EventRounds "9"]
[EventCountry "CHI"]
[SourceTitle "EXT 2006"]
[Source "ChessBase"]
[SourceDate "2005.11.24"]
[SourceVersion "1"]
[SourceVersionDate "2005.11.24"]
[SourceQuality "1"]

1. e4 c5 2. Nc3 d6 3. Nf3 Nf6 4. d4 cxd4 5. Nxd4 a6 6. f4 e5 7. Nf3 Qc7 8. a4 Nbd7 9. Bd3 b6 10. 0-0 Bb7 11. Qe2 Be7 12. f5 0-0 13. Bg5 Nc5 14. Bxf6 Bxf6 15. Bc4 Rab8 16. Bd5 Bc8 17. Nd2 b5 18. Rf3 bxa4 19. Rh3 Rxb2 20. Nc4 Rb4 21. Qh5 h6 22. Qg6 Bg5 23. f6 Bxf6 24. Rxh6 Re8 25. Bxf7+ Qxf7 26. Rh8+ Kxh8 27. Qxf7 Rd8 28. Nxd6 Rxd6 29. Qf8+ Kh7 30. Qxd6 Rc4 31. Nd5 Nxe4 32. Nxf6+ gxf6 33. Qe7+ Kg6 34. Rxa4 Rxa4 35. Qe8+ Kg5 36. Qxa4 Bb7 37. Qb3 Bc6 38. Qg8+ Kf4 39. Qc4 Bb5 40. Qb3 Nd2 41. Qg3+ Ke4 42. Qe1+ 1-0

[Event "Las Condes zt 2.5"]
[Site "Las Condes"]
[Date "2005.11.09"]
[Round "5"]
[White "San Martin Basualto, Epiro"]
[Black "Romero Pino, Claudio"]
[Result "1/2-1/2"]
[WhiteElo "2193"]
[BlackElo "2226"]
[PlyCount "148"]
[EventDate "2005.11.07"]
[EventType "swiss"]
[EventRounds "9"]
[EventCountry "CHI"]
[SourceTitle "EXT 2006"]
[Source "ChessBase"]
[SourceDate "2005.11.24"]
[SourceVersion "1"]
[SourceVersionDate "2005.11.24"]
[SourceQuality "1"]

1. e4 c5 2. Nf3 d6 3. d4 cxd4 4. Nxd4 Nf6 5. Nc3 a6 6. f4 e5 7. Nf3 Qc7 8. Bd3 Be7 9. 0-0 b5 10. a3 0-0 11. Qe1 Nbd7 12. Kh1 Re8 13. fxe5 Nxe5 14. Nd4 Be6 15. Bg5 Qd8 16. Nf5 Bxf5 17. Rxf5 Nfd7 18. Be3 Nf6 19. Rd1 Qb8 20. Bg5 Nfd7 21. Nd5 Bxg5 22. Rxg5 h6 23. Rg3 Kh8 24. Qe3 Qa7 25. Qd2 Nb6 26. Ne3 Nbc4 27. Bxc4 Nxc4 28. Qc3 Ne5 29. Nf5 Rac8 30. Qd2 Ng6 31. Nxd6 Rcd8 32. Rd3 Ne5 33. Rd5 Rxd6 34. Rxd6 Nc4 35. Qd4 Qxd4 36. R6xd4 Kh7 37. Rxc4 bxc4 38. Rd4 Rb8 39. Rxc4 Rxb2 40. Kg1 Ra2 41. Rc3 Kg6 42. Kf2 Kf6 43. Ke3 Ke5 44. g3 g6 45. Kd3 Ra1 46. Rc5+ Kd6 47. Ra5 Rh1 48. Rxa6+ Kd7 49. Rf6 Ke7 50. Rf2 Ra1 51. c4 Rxa3+ 52. Kd4 Ke6 53. g4 Ra8 54. e5 Rd8+ 55. Ke4 Rd1 56. Rf6+ Kd7 57. Rf3 Ke6 58. Re3 Rd2 59. Rh3 Re2+ 60. Kd4 Rg2 61. Rh4 Rd2+ 62. Kc5 Kxe5 63. Rxh6 Kf4 64. h3 Kg5 65. Rh7 f5 66. gxf5 gxf5 67. Rg7+ Kh4 68. Rf7 Kg5 69. Kc6 Rh2 70. Rh7 f4 71. c5 f3 72. Kb7 Kf4 73. c6 Kg3 74. Rg7+ Kxh3 1/2-1/2

[Event "CHI-ch"]
[Site "Santiago de Chile"]
[Date "2004.02.17"]
[Round "10.11"]
[White "San Martin Basualto, Epiro"]
[Black "Vargas Maliqueo, Ivan Patricio"]
[Result "1-0"]
[WhiteElo "2157"]
[BlackElo "2266"]
[PlyCount "79"]
[EventDate "2004.02.09"]
[EventType "swiss"]
[EventRounds "11"]
[EventCountry "CHI"]
[SourceTitle "CBM 098 Extra"]
[Source "ChessBase"]
[SourceDate "2004.03.10"]
[SourceVersion "2"]
[SourceVersionDate "2004.03.10"]
[SourceQuality "1"]

1. e4 c5 2. Nf3 d6 3. d4 cxd4 4. Nxd4 Nf6 5. Nc3 a6 6. f4 e5 7. Nf3 Nbd7 8. a4 Be7 9. Bd3 0-0 10. 0-0 exf4 11. Kh1 Ne5 12. Bxf4 Bg4 13. Be2 Ng6 14. Be3 Qa5 15. Nd4 Bxe2 16. Qxe2 Qb4 17. Ra3 Qa5 18. Rb3 Qc7 19. Bg5 Qd7 20. Nf5 Bd8 21. Bxf6 Bxf6 22. Nd5 Bd8 23. Qg4 Qxa4 24. Rh3 Qc4 25. Rc1 h6 26. b3 Qb5 27. c4 Qe8 28. Nxd6 Qe6 29. Nf5 Bg5 30. Re1 Qe5 31. Rf3 Qb2 32. Qg3 Qe5 33. Qf2 Rae8 34. h4 Bd8 35. h5 Ne7 36. Nfxe7+ Bxe7 37. Rf5 Qe6 38. c5 Qd7 39. Rd1 Qc8 40. b4 1-0

[Event "CHI-ch"]
[Site "Santiago de Chile"]
[Date "2004.02.16"]
[Round "9.5"]
[White "Sepulveda Rojas, Jorge Moises"]
[Black "San Martin Basualto, Epiro"]
[Result "1-0"]
[WhiteElo "2249"]
[BlackElo "2157"]
[PlyCount "97"]
[EventDate "2004.02.09"]
[EventType "swiss"]
[EventRounds "11"]
[EventCountry "CHI"]
[SourceTitle "CBM 098 Extra"]
[Source "ChessBase"]
[SourceDate "2004.03.10"]
[SourceVersion "2"]
[SourceVersionDate "2004.03.10"]
[SourceQuality "1"]

1. e4 e6 2. d4 d5 3. Nd2 Nf6 4. e5 Nfd7 5. Bd3 c5 6. c3 Nc6 7. Ndf3 cxd4 8. cxd4 Bb4+ 9. Bd2 Qa5 10. Ne2 f6 11. exf6 Nxf6 12. 0-0 0-0 13. Bf4 Bd7 14. a3 Be7 15. b4 Qd8 16. Ng3 Ne4 17. Be5 Nxg3 18. hxg3 Bf6 19. Bd6 Be7 20. Be5 Nxe5 21. Nxe5 Qe8 22. Qe2 Bf6 23. Rac1 Bxe5 24. Qxe5 Rc8 25. Rc7 Rxc7 26. Qxc7 Bc6 27. Re1 a6 28. g4 Rf7 29. Qd6 Re7 30. Re3 Qd7 31. Qh2 g6 32. Qh4 Rf7 33. Qg5 Kf8 34. Qe5 Ke7 35. f4 Qd6 36. f5 gxf5 37. gxf5 Qxe5 38. Rxe5 Bd7 39. fxe6 Bxe6 40. Rh5 Rf4 41. Rxh7+ Kf6 42. Rxb7 Rxd4 43. Bxa6 Rd1+ 44. Kf2 Ra1 45. Rb6 Ke5 46. Be2 Rxa3 47. Ra6 Rb3 48. b5 d4 49. Rxe6+ 1-0

[Event "CHI-ch"]
[Site "Santiago de Chile"]
[Date "2004.02.15"]
[Round "8.7"]
[White "San Martin Basualto, Epiro"]
[Black "Salas Arros, Cristian Eduardo"]
[Result "1/2-1/2"]
[WhiteElo "2157"]
[BlackElo "2447"]
[PlyCount "87"]
[EventDate "2004.02.09"]
[EventType "swiss"]
[EventRounds "11"]
[EventCountry "CHI"]
[SourceTitle "CBM 098 Extra"]
[Source "ChessBase"]
[SourceDate "2004.03.10"]
[SourceVersion "2"]
[SourceVersionDate "2004.03.10"]
[SourceQuality "1"]

1. e4 c5 2. Nf3 d6 3. d4 cxd4 4. Nxd4 Nf6 5. Nc3 Nc6 6. Bg5 e6 7. Qd2 a6 8. 0-0-0 h6 9. Be3 Be7 10. f3 Nxd4 11. Bxd4 b5 12. Kb1 Rb8 13. Ba7 Rb7 14. Be3 Nd7 15. g4 Ne5 16. Qf2 Qc7 17. Ne2 Nc4 18. Bc1 Bf6 19. Rd3 b4 20. h4 Bd7 21. Bg2 Bb5 22. Rb3 Ba4 23. g5 Be7 24. f4 Na5 25. g6 Nxb3 26. gxf7+ Kxf7 27. axb3 Bd7 28. Qg3 Rc8 29. Nd4 e5 30. fxe5 dxe5 31. Bf1 exd4 32. Bc4+ Be6 33. Qf2+ Bf6 34. e5 Qxe5 35. Re1 Qxe1 36. Qxe1 Bxc4 37. bxc4 Rxc4 38. Qe4 Rbc7 39. Bf4 R7c6 40. Qd5+ Ke7 41. Bd6+ Ke8 42. Bxb4 Rxc2 43. Bc3 R2xc3 44. bxc3 1/2-1/2

[Event "CHI-ch"]
[Site "Santiago de Chile"]
[Date "2004.02.14"]
[Round "6.10"]
[White "San Martin Basualto, Epiro"]
[Black "Rioseco Pinochet, Fernando Luis"]
[Result "1-0"]
[WhiteElo "2157"]
[BlackElo "2226"]
[PlyCount "71"]
[EventDate "2004.02.09"]
[EventType "swiss"]
[EventRounds "11"]
[EventCountry "CHI"]
[SourceTitle "CBM 098 Extra"]
[Source "ChessBase"]
[SourceDate "2004.03.10"]
[SourceVersion "2"]
[SourceVersionDate "2004.03.10"]
[SourceQuality "1"]

1. e4 e6 2. d4 d5 3. Nc3 Bb4 4. e5 c5 5. a3 Bxc3+ 6. bxc3 Qc7 7. Nf3 Ne7 8. Bd3 h6 9. 0-0 0-0 10. Bf4 c4 11. Be2 Ng6 12. Bg3 Nc6 13. h4 Qa5 14. Qd2 f5 15. h5 Nge7 16. Bf4 Kh7 17. Kh1 Bd7 18. Rg1 Rf7 19. g3 b5 20. Nh4 Qb6 21. Ng2 a5 22. Be3 Rff8 23. Rab1 Rfb8 24. Nf4 Qd8 25. Rg2 Qe8 26. g4 fxg4 27. Bxg4 Qf7 28. Rbg1 Rg8 29. Qe2 Nf5 30. Ng6 Nce7 31. Qf3 Be8 32. Qh3 Ra6 33. Bd2 Nxg6 34. hxg6+ Qxg6 35. Bxf5 Qxf5 36. Qxf5+ 1-0

[Event "CHI-ch"]
[Site "Santiago de Chile"]
[Date "2004.02.11"]
[Round "3.9"]
[White "Lobos Barrenechea, Miguel"]
[Black "San Martin Basualto, Epiro"]
[Result "0-1"]
[WhiteElo "2359"]
[BlackElo "2157"]
[PlyCount "90"]
[EventDate "2004.02.09"]
[EventType "swiss"]
[EventRounds "11"]
[EventCountry "CHI"]
[SourceTitle "CBM 098 Extra"]
[Source "ChessBase"]
[SourceDate "2004.03.10"]
[SourceVersion "2"]
[SourceVersionDate "2004.03.10"]
[SourceQuality "1"]

1. c4 e5 2. Nc3 Nc6 3. g3 Nf6 4. Bg2 Bc5 5. e3 d6 6. Nge2 a6 7. 0-0 Ba7 8. d4 exd4 9. exd4 0-0 10. h3 Re8 11. Be3 Ne7 12. Bg5 Nd7 13. g4 f6 14. Bh4 Nf8 15. Kh2 c6 16. d5 Bd7 17. Bg3 cxd5 18. cxd5 f5 19. Nd4 fxg4 20. hxg4 Neg6 21. Nf5 Bxf5 22. gxf5 Ne5 23. Ne4 Rc8 24. Qh5 Rc7 25. Rac1 g6 26. Qh4 Rxc1 27. Rxc1 gxf5 28. Nf6+ Qxf6 29. Qxf6 Ng4+ 30. Kg1 Nxf6 31. Rc7 Re1+ 32. Kh2 Ng4+ 33. Kh3 Nxf2+ 34. Kh4 Ng6+ 35. Kh5 f4 36. Bxf2 Bxf2 37. Rxb7 Bd4 38. Rb4 Re2 39. Bf3 Rh2+ 40. Kg5 Bxb2 41. Rb6 Ne5 42. Bh5 f3 43. Bxf3 Nxf3+ 44. Kf4 Be5+ 45. Kxf3 Rxa2 0-1